Germany's genocide of the Herero : Kaiser Wilhelm II, his general, his settlers, his soldiers

Αποθηκεύτηκε σε:
Λεπτομέρειες βιβλιογραφικής εγγραφής
Κύριος συγγραφέας: Sarkin-Hughes, Jeremy
Μορφή: Βιβλίο
Γλώσσα:English
Δημοσίευση: Cape Town, South Africa : Woodbridge, Suffolk, UK ; UCT Press ; James Currey ; 2010, c2011.
Θέματα:
Ετικέτες: Προσθήκη ετικέτας
Δεν υπάρχουν, Καταχωρήστε ετικέτα πρώτοι!

MARC

LEADER 00000cam a2200000 a 4500
001 1/116228
008 180326m20102011sa | ||| |||| ||eng||
020 |a 9781847010322   |q (J. Currey : hbk.)  
040 |a GR-MyUa  |b gre  |c GR-MyUa  |e AACR2 
041 0 |a eng 
082 7 |a 968.81   |2 (23) 
100 1 |a Sarkin-Hughes, Jeremy. 
245 1 0 |a Germany's genocide of the Herero :   |b Kaiser Wilhelm II, his general, his settlers, his soldiers /   |c Jeremy Sarkin.  
260 |a Cape Town, South Africa :   |b UCT Press ;   |a Woodbridge, Suffolk, UK ;   |b James Currey ;   |c 2010, c2011. 
300 |a xi, 276 σ. ;   |c 23 εκ.  
500 |a First published 2010 by UCT Press.  
504 |a Περιλαμβάνει βιβλιογραφία (σ. [246]-265) και ευρετήριο.  
505 8 |a Foreword by the paramount chief of the Herero -- Preface -- Acknowledgements [sic] -- Introduction -- 1. Aetiology of a genocide -- 2. Implementing the genocide: annihilating "the African tribes with streams of blood and streams of gold" -- 3. Did the Kaiser order the genocide? -- Conclusion.  
600 0 0 |a William   |b II,   |c German Emperor,   |d 1859-1941. 
650 0 |a Genocide  |z Namibia. 
650 0 |a Herero (African people)  |x History. 
651 0 |a Namibia  |x History  |y Herero Revolt, 1904-1907. 
651 0 |a Namibia  |x History  |y 1884-1915. 
852 |a INST  |b LESVOS  |e 20180326  |h 968.81 SAR  |p 005100060135  |q 005100060135  |t BK  |y 0 
970 |a Τζαφέρη  |b Ευαγγελία  |z 26-03-2018